000 00385nam a2200157Ia 4500
008 221030s9999 xx 000 0 und d
020 _a8176563587
041 _aEnglish
082 _a105.23
_bKan
100 _aY. P. Kanetkar
245 0 _aUnderstanding Pointers in C
_cby Y. P. Kanetkar
260 _bBPB Pub
_aNew Delhi
_c2002
300 _a501
650 _aComputers
942 _cBK
999 _c1428
_d1428